Cybersecurity (Record no. 338710)

MARC details
000 -LEADER
fixed length control field 00501nam a2200169Ia 4500
008 - FIXED-LENGTH DATA ELEMENTS--GENERAL INFORMATION
fixed length control field 230718s9999 xx 000 0 und d
020 ## - INTERNATIONAL STANDARD BOOK NUMBER
International Standard Book Number 9788126549191
041 ## - LANGUAGE CODE
Language code of text/sound track or separate title eng
082 ## - DEWEY DECIMAL CLASSIFICATION NUMBER
Classification number 005.8
Item number MOW
100 ## - MAIN ENTRY--PERSONAL NAME
Personal name Mowbray T.J.
9 (RLIN) 114538
245 ## - TITLE STATEMENT
Title Cybersecurity
Remainder of title Managing Systems, Conducting Testing, And Investigating Intrusions
260 ## - PUBLICATION, DISTRIBUTION, ETC. (IMPRINT)
Date of publication, distribution, etc. 2014
Name of publisher, distributor, etc. Wiley
300 ## - PHYSICAL DESCRIPTION
Extent 336
365 ## - TRADE PRICE
Currency code Rs.
Price amount 699.00
700 ## - ADDED ENTRY--PERSONAL NAME
Personal name Mowbray T.J.
9 (RLIN) 114538
906 ## - LOCAL DATA ELEMENT F, LDF (RLIN)
d O:0430507-Nov-2014B:621301-Aug-2014
c COMP
b 153.78
Holdings
Withdrawn status Lost status Damaged status Not for loan Home library Current library Date acquired Vendor Budget Code Cost, normal purchase price Bill number Total Checkouts Full call number Barcode Date last seen Date last checked out Discount Cost, replacement price Bill Date Koha item type Original Barcode
        Cummins College of Engineering for Women Pune Cummins College of Engineering for Women Pune 07/11/2014 Technical Book Services COMP 545.22 6213 1 005.8 CCEP-BK-49917 29/01/2024 12/01/2024 153.78 699.00 01/08/2014 Books 049917